[Event "RUS-ch"]
[Site "Elista"]
[Date "1995.??.??"]
[Round "5"]
[White "Rublevsky, Sergei"]
[Black "Ionov, Sergey"]
[Result "1/2-1/2"]
[WhiteElo "2595"]
[BlackElo "2525"]
[Annotator "Giese"]
[PlyCount "98"]
[EventDate "1995.10.??"]
[EventType "swiss"]
[EventRounds "11"]
[EventCountry "RUS"]
[SourceTitle "CBM 050"]
[Source "ChessBase"]
[SourceDate "1996.02.01"]
[SourceVersion "1"]
[SourceVersionDate "1996.02.01"]
[SourceQuality "1"]

1. e4 {Fritz3} c5 2. Nf3 d6 3. Bb5+ Bd7 4. Bxd7+ Qxd7 5. c4 Nf6 6. Nc3 Nc6 7.
O-O e6 8. d4 cxd4 9. Nxd4 Be7 10. Be3 O-O 11. Qe2 Rac8 12. f4 a6 13. Rad1 Qc7
14. b3 Qa5 15. Qe1 Kh8 16. Kh1 Rfd8 17. f5 h6 18. Nde2 Qe5 19. Bf4 Qc5 20. Qg3
exf5 21. Qh3 Ne5 22. Ng3 Ng6 23. Nxf5 Nxf4 24. Rxf4 Qe5 25. Rdf1 Kh7 $18 {[#]}
26. Nxh6 $1 {[%cal Gf1f7]} gxh6 (26... Qh5 27. Rh4 Qxh6 28. Nd5 $1 $18) 27. Nd5
{[%csl Re7,Rf6]} Nxd5 (27... Re8 28. Nxf6+ $18) 28. Rxf7+ Kg6 (28... Kg8 29.
Qxh6 $18) 29. R7f5 $4 (29. exd5 $142 $1 $40 Bg5 (29... Qe4 30. R7f4 Qe2 (30...
Qc2 31. Qe6+ $18) 31. Qf5+ Kg7 32. Re4 $18) (29... Rf8 30. Qd3+ Kh5 31. R1f5+
Bg5 32. g4+ Kxg4 33. Qf3+ $18) (29... Qe2 30. Qf5#) 30. Qd3+ Kh5 31. R7f3 {
[%cal Yg2g4]} Be7 32. g4+ Kg5 33. h4+ $18) 29... Rf8 $1 {[%csl Ya1,Yb1,Yc1,Yd1,
Ye1,Yf1,Yg1,Yh1]} 30. Qh5+ (30. Rxe5 $4 Rxf1#) 30... Kh7 31. Rf7+ Qg7 $1 32.
Rxg7+ Kxg7 {+/= Fritz3} 33. Qg4+ Kh8 34. Re1 Nf6 35. Qg6 Ng8 36. h3 Rf6 37. Qg4
Rcf8 38. Qd7 Rf1+ 39. Rxf1 Rxf1+ 40. Kh2 Bg5 41. g3 Rf2+ 42. Kg1 Rxa2 43. Qxd6
Ra1+ 44. Kf2 Ra2+ 45. Kf3 Rd2 46. Qb4 Rd3+ 47. Kf2 Rd2+ 48. Kf3 Rd3+ 49. Kf2
Rd2+ 1/2-1/2

[Event "FRA-chT1"]
[Site "France"]
[Date "2002.02.02"]
[Round "2.3"]
[White "Glek, Igor Vladimirovich"]
[Black "Nezar, Mustapha"]
[Result "1-0"]
[WhiteElo "2601"]
[BlackElo "2380"]
[Annotator "Glek,I"]
[PlyCount "81"]
[EventDate "2002.02.??"]
[EventType "team"]
[EventRounds "11"]
[EventCountry "FRA"]
[SourceTitle "EXT 2003"]
[Source "ChessBase"]
[SourceDate "2002.11.25"]
[SourceVersion "1"]
[SourceVersionDate "2002.11.25"]
[SourceQuality "1"]
[WhiteTeam "Vandoeuvre"]
[BlackTeam "Nancy"]
[WhiteTeamCountry "FRA"]
[BlackTeamCountry "FRA"]

1. e4 c5 2. Nf3 d6 3. Bb5+ Bd7 4. Bxd7+ Qxd7 5. O-O Nc6 6. c3 Nf6 7. d4 e6 8.
d5 exd5 9. exd5 Ne7 10. Re1 g6 11. c4 Bg7 12. Qe2 $1 Kf8 (12... b5 13. Nc3 bxc4
(13... b4 14. Ne4 Nxe4 15. Qxe4 h6 16. a3 $16) 14. Bf4 Kf8 15. Rad1 Rb8 16. Bc1
$16) 13. Nc3 Re8 14. Qd3 $14 h6 15. h3 (15. Bf4 Kg8 16. Nb5 $6 Nc8 17. Rxe8+
Nxe8 18. Re1 Kh7 19. Nc3 Nf6 20. h3 a6 21. b3 Re8 22. Rxe8 Qxe8 23. Bd2 Nd7 24.
Qe4 Qxe4 25. Nxe4 f5 26. Nc3 b5 27. cxb5 Bxc3 28. Bxc3 axb5 29. b4 Ndb6 30.
bxc5 dxc5 31. Bd2 Nxd5 32. Kf1 Nd6 33. Ne5 Ne4 34. Bc1 Nec3 35. a3 Na2 36. Bd2
c4 37. Be1 Kg7 38. g3 Nc1 39. a4 bxa4 40. Nxc4 h5 41. Bd2 Nb3 42. Bg5 Kf7 43.
Ke2 Nd4+ 44. Kd3 Nf3 45. Bc1 Ke6 46. Bb2 Ng5 47. h4 Ne4 48. Ke2 Ndc3+ 49. Ke1
Kd5 50. Nb6+ Kc5 51. Nd7+ Kb4 52. Ne5 Kb3 53. Bc1 Na2 54. Be3 a3 55. f3 Nec3
56. Nd3 Kc2 57. Bc5 Kxd3 58. g4 fxg4 59. fxg4 hxg4 60. Kf1 Nb1 61. Kg2 Ke4 62.
Kg3 Kf5 {0-1 Crut,A-Nezar,M/France 2001/EXT 2002 (62)}) 15... Kg8 16. Bf4 Kh7
17. Re2 Nc8 18. Rae1 Rxe2 19. Rxe2 Re8 20. Rxe8 Qxe8 21. b3 a6 22. a4 Qe7 23.
g4 $1 Nb6 24. Kg2 Nbd7 25. Bg3 Kg8 26. Nd2 Kf8 (26... Ne5 27. Qe3) 27. f4 h5
28. g5 Ne8 29. Nce4 Bh8 $2 (29... f5 $142 30. gxf6 (30. Nf2 $14) 30... Bxf6 31.
Nf3 $14 Ng7 32. Neg5 Nf5 33. Nh4 Nxh4+ 34. Bxh4 Bxg5 35. Bxg5 Nf6 36. Kf1 Qe4
37. Qc3 Nd7 38. Kf2 $14) 30. Nf3 $16 Kg8 31. Nh4 Bd4 32. f5 Nf8 33. f6 Qc7 34.
Nf3 Bb2 35. Qe2 Ba1 36. Qe1 (36. Nxc5 Nxf6 (36... Qxc5 37. Qxe8) 37. gxf6 Qxc5
38. Qe7 $18) 36... Be5 (36... Bb2 37. Nxc5 Nxf6 38. Nd3 $18) 37. Nxe5 dxe5 38.
Nf2 Nd7 39. Nd3 Nd6 40. Nxe5 Nf5 41. Nxg6 $1 1-0

[Event "Bayern-chI Bank Hofmann 4th"]
[Site "Bad Wiessee"]
[Date "2000.11.04"]
[Round "8"]
[White "Glek, Igor Vladimirovich"]
[Black "Senff, Martin"]
[Result "1-0"]
[WhiteElo "2553"]
[BlackElo "2354"]
[Annotator "Glek,I"]
[PlyCount "79"]
[EventDate "2000.10.28"]
[EventType "swiss"]
[EventRounds "9"]
[EventCountry "GER"]
[SourceTitle "EXT 2003"]
[Source "ChessBase"]
[SourceDate "2002.11.25"]
[SourceVersion "1"]
[SourceVersionDate "2002.11.25"]
[SourceQuality "1"]

1. e4 c5 2. Nf3 d6 3. Bb5+ Bd7 4. Bxd7+ Qxd7 5. c4 Nf6 6. Nc3 Nc6 7. d4 cxd4 8.
Nxd4 Qg4 9. Qxg4 Nxg4 10. Nxc6 bxc6 11. Bf4 Rb8 $5 (11... g5 $5 12. Bxg5 Bg7 (
12... Ne5 13. b3 Rg8 14. Bh4 (14. f4 $2 Ng6 15. g3 h6 $17) 14... Rg4 $1 $44 {
Atalik,S.}) 13. Ke2 Rb8 14. Nd1 (14. Rab1 Rb4 (14... Ne5 15. b3) 15. f3 Ne5 16.
c5 $16) 14... Rb4 15. Rc1 Bxb2 16. Rb1 Ba3 17. Rb3 Rxb3 18. axb3 Kd7 19. Ne3
Rg8 20. h4 Nxe3 21. Bxe3 Rxg2 22. Kf3 Rg8 23. Ra1 Bb4 24. Rxa7+ Ke6 25. Rb7 c5
26. e5 dxe5 27. Rb6+ Kd7 28. Rb7+ Ke6 29. Rb6+ Kd7 30. Rb7+ {1/2-1/2 Jansa,
V-Trapl,J/Ostrava 1976}) 12. b3 (12. h3 {IG:} g5 $5 (12... Nf6 13. O-O-O Rb4 (
13... Nd7 14. Rhe1 g6 15. e5 dxe5 16. Rxe5 Bg7 17. Ra5 Bxc3 18. bxc3 Rb7 19.
Be3 c5 20. Rb5 Rb6 21. a4 a6 22. Rxb6 Nxb6 23. Kc2 Nxc4 24. Bxc5 h5 25. h4 Rg8
26. Rd5 f6 27. Bb4 g5 28. Rc5 Nd6 29. hxg5 fxg5 30. Ra5 h4 31. Rxa6 g4 32. Bxd6
exd6 33. Rxd6 Rf8 34. f3 gxf3 35. gxf3 Rxf3 36. Rh6 Rh3 37. a5 Kd7 38. Rh7+ Kc8
39. Kb3 Rh1 40. Kc4 h3 41. Kc5 h2 42. c4 Kb8 43. a6 Ra1 44. Rxh2 Rxa6 45. Kb5 {
1/2-1/2 Reinderman,D-Van Wely,L/Rotterdam 2000}))) 12... g6 13. Rc1 Bg7 14. Ke2
(14. c5 Bd4 (14... Bd4 15. O-O e5 16. Bg3 Bxc5 17. h3 Nf6 18. Bh4 Nh5 19. Na4
Bd4 20. Rxc6 Kd7 21. Rfc1 Rhc8 22. Rxc8 Rxc8 23. Rxc8 Kxc8 24. Kf1 Kd7 25. f3
f5 26. a3 fxe4 27. fxe4 d5 28. exd5 Kd6 29. Be1 Kxd5 30. Nc3+ Bxc3 31. Bxc3 {
[#] Normalerweise ist bei offener Stellung und verteilten Bauernmehrheiten der
Läufer die bessere Leichtfigur. Hier aber besitzt Schwarz mit seiner starken
Königsposition sogar etwas mehr als Kompensation.} Ng3+ 32. Ke1 Ne4 33. Ba1 (
33. Bb4 Kd4 34. Ke2 Nc3+ 35. Ke1 e4 $15) 33... Nc5 34. b4 Nd3+ 35. Ke2 Nf4+ 36.
Kf3 g5 37. Bc3 e4+ 38. Kf2 Kc4 39. Bd2 Kd3 40. Be3 a6 41. h4 h6 42. hxg5 hxg5
43. a4 Nd5 44. Bxg5 Nxb4 45. g4 Nc2 46. Bh4 Nd4 {Schwarz kommt nicht weiter wie
} (46... e3+ 47. Kf3 e2 48. g5 Nd4+ 49. Kg4 Kd2 $11 {zeigt}) 47. Bg5 Nc2 48.
Bh4 Nd4 49. Bg5 Nf3 50. Bf4 Nh4 51. Be3 Ng6 52. Ba7 Nf4 53. Kg3 Ne6 54. Kf2 Ng5
55. Bb6 Nf3 56. Kg3 Nd4 57. Bxd4 Kxd4 58. Kf2 e3+ 59. Ke2 Ke4 60. g5 Kf5 {
1/2-1/2 Zhang Zhong-Sutovskij,E/Shenyang 1999/CBM 73/[Hecht] (60)})) (14. f3
Ne5 15. Bxe5 Bxe5 16. c5 d5 17. exd5 Bxc3+ 18. Rxc3 cxd5 19. c6 Rb6 20. Kf2 Kd8
21. Rd1 e6 22. Rd4 Kc7 23. Ra4 Ra8 24. Rh4 h5 25. g4 hxg4 26. fxg4 Rxc6 27. Rf3
f5 28. Rh7+ Kd6 29. Rg7 fxg4 30. Re3 Rc2+ 31. Kg3 Rh8 32. Kxg4 Rg2+ 33. Kf3
Rgxh2 {0-1 Mohr,G-Sutovsky,E/Pula CRO 2000}) 14... c5 15. Nd5 Ne5 (15... Rb7 $5
) 16. b4 $1 (16. Bxe5 Bxe5 17. f4 Bg7 $11) 16... e6 (16... cxb4 $1 17. c5 dxc5
(17... e6 18. Nc7+ Kd7 19. Na6 $1 $16) 18. Rxc5 Nd7 (18... e6 $1 19. Nc7+ Ke7
20. Rxe5 (20. Bg5+ f6 (20... Kf8 21. Na6 Re8 22. Rc7 $16) 21. Rxe5 fxg5 22.
Rxe6+ Kd7 (22... Kf7 $13) 23. Rd1+ Kxc7 24. Re7+ Kc6 25. Rxg7 a5 $13) 20...
Bxe5 21. Bxe5 f6 $13) 19. Rc4 Ne5 (19... Nb6 20. Nc7+ (20. Rxb4 Rc8 $14) 20...
Kf8 21. Rxb4 $14) 20. Rxb4 Rxb4 21. Nxb4 a5 22. Bxe5 Bxe5 23. Nc6 Bc7 24. Rd1
$14) 17. Nc7+ Kd7 18. Na6 Rb6 19. b5 $16 Nc6 (19... Nxc4 20. Rxc4 Rxb5 21. Rd1)
20. Be3 Nd4+ 21. Kd3 Rb7 (21... f5 22. Rhe1 (22. f4) (22. f3)) (21... Rc8) 22.
f4 (22. Rb1 $16 {a2-a4-a5,b6(Sa6-b4)}) 22... Rc8 23. g4 (23. Rb1) 23... Ke7 24.
Rb1 e5 $6 (24... Rd8 25. a4) 25. f5 h6 26. h4 (26. a4) 26... gxf5 27. exf5 $6 (
27. gxf5 $16) 27... h5 $2 (27... d5 $1 28. cxd5 c4+ 29. Ke4 Nxb5 $13) 28. Bxd4
exd4 29. g5 Be5 30. Ke4 (30. Rhe1 $18) 30... f6 31. Kd5 $2 (31. g6) 31... Bf4
32. Rbe1+ Be3 33. Rh3 $2 $138 (33. g6 Kd7 34. Ke4 Re8+ 35. Kd3 $18) 33... Kd7
34. Ke4 $1 (34. Rhxe3 $2 dxe3 35. Rxe3 fxg5 $1 36. f6 (36. hxg5 Re8 37. Rxe8
Kxe8 38. Kxd6 h4 39. Nxc5 h3 40. Ne4 Rd7+ 41. Kc5 h2 42. Nf2 Rd2 43. Nh1 Rd1
$19) 36... Re8 37. Rxe8 Kxe8 38. hxg5 h4 39. g6 h3 40. Ke6 (40. g7 Kf7) 40...
Kf8 $19) 34... Bxg5 (34... fxg5 35. hxg5 Bxg5 36. Rg1 Re8+ 37. Kd3 Bf4 38. Rf3
Be3 39. Rg7+ Kc8 40. f6 (40. Rg6 Rd7 41. a4 $13) 40... Rxg7 41. fxg7 Bh6 42.
Rf7 Rg8 43. Rf6 Bxg7 44. Rxd6 h4 45. Rc6+ Kd8 46. Nxc5 $14) 35. Rg1 Re8+ 36.
Kd3 Be3 (36... Bf4 37. Rg6 $14) 37. Rg6 Kc8 $2 (37... Rf8 $14) 38. Rxf6 Rg8 $2
(38... Rd7 39. a4 $16) 39. Rxd6 Rb6 40. Rd5 1-0

[Event "Moscow-A"]
[Site "Moscow"]
[Date "1996.??.??"]
[Round "?"]
[White "Zaitsev, Igor A"]
[Black "Golubev, Mikhail"]
[Result "1/2-1/2"]
[WhiteElo "2435"]
[BlackElo "2520"]
[Annotator "Golubev,M"]
[PlyCount "68"]
[EventDate "1996.??.??"]
[EventType "tourn"]
[EventRounds "9"]
[EventCountry "RUS"]
[EventCategory "10"]
[SourceTitle "CBM 055"]
[Source "ChessBase"]
[SourceDate "1996.12.01"]
[SourceVersion "1"]
[SourceVersionDate "1996.12.01"]
[SourceQuality "1"]

1. e4 c5 2. Nf3 d6 3. Bb5+ Bd7 4. Bxd7+ Nxd7 5. O-O Ngf6 6. Qe2 e6 7. c3 Rc8 $1
8. d4 cxd4 $6 (8... d5 $1) 9. cxd4 d5 10. e5 Ne4 11. Nbd2 $14 {N/} (11. Be3 Nb6
$5 {Wahls,M-Kasparov,G/Simul/1986/} (11... Be7)) 11... Nxd2 12. Bxd2 Be7 13.
Rfc1 O-O 14. Qb5 Nb6 15. Bb4 $5 (15. b3 $5) 15... Bxb4 16. Qxb4 Qd7 (16... Rc4
$5 17. Qa3) 17. b3 Rc6 18. Rc5 (18. a4 $5) 18... Rxc5 19. dxc5 Nc8 20. Qa4 $2 (
20. Qa5 $1) 20... Qxa4 21. bxa4 Rd8 22. Nd4 Rd7 23. Nb5 a6 24. Nd6 Rc7 25. Rb1
(25. Rc1 b6 $5) 25... Rxc5 26. Nxb7 Rc7 27. Nd6 $2 h6 28. f4 Nxd6 29. exd6 Rd7
30. Rb8+ Kh7 31. Rb6 a5 32. Kf2 f6 33. Ke3 e5 34. f5 Kg8 1/2-1/2

[Event "Moscow-A"]
[Site "Moscow"]
[Date "1996.??.??"]
[Round "?"]
[White "Belikov, Vladimir"]
[Black "Golubev, Mikhail"]
[Result "1/2-1/2"]
[WhiteElo "2510"]
[BlackElo "2520"]
[Annotator "Golubev,M"]
[PlyCount "70"]
[EventDate "1996.??.??"]
[EventType "tourn"]
[EventRounds "9"]
[EventCountry "RUS"]
[EventCategory "10"]
[SourceTitle "CBM 055"]
[Source "ChessBase"]
[SourceDate "1996.12.01"]
[SourceVersion "1"]
[SourceVersionDate "1996.12.01"]
[SourceQuality "1"]

1. e4 c5 2. Nf3 d6 3. Bb5+ Bd7 4. Bxd7+ Qxd7 5. c4 Nc6 6. Nc3 Ne5 $6 7. d4 $3 {
N/} cxd4 (7... Nxc4 8. dxc5 dxc5 9. Qd2 $44) 8. Qxd4 Nc6 $16 (8... Nxf3+ 9.
gxf3 $36) (8... Qg4 9. Nxe5 dxe5 10. Qxe5 $5 $16) (8... g6 $2 9. Nxe5 Bg7 10.
Nxd7 Bxd4 11. Bg5 $18) 9. Qd2 (9. Qd1 g6 10. b3 Bg7 11. Bb2 Nf6 12. Nd5 O-O)
9... Nf6 10. O-O g6 11. b3 Bg7 12. Bb2 O-O 13. Rfe1 Ng4 14. Rad1 Rad8 15. h3 $5
Nge5 16. Nh2 $5 Nb4 17. Qe2 g5 18. Nd5 $5 Nxd5 19. exd5 Rfe8 $8 20. Bc1 $5 Qf5
21. Be3 $6 (21. Qe3 $5) 21... a6 22. Qd2 Bf6 $14 23. Rf1 Kh8 $1 24. f3 $1 b5
25. cxb5 axb5 26. Ng4 Rc8 27. Rc1 $5 (27. Nxf6 exf6 28. Rc1 $14) 27... Nxg4 28.
hxg4 $6 (28. fxg4 $1 $14) 28... Qe5 29. a4 bxa4 30. bxa4 Rxc1 31. Rxc1 Rb8 32.
Rc2 Qa1+ 33. Rc1 Qe5 34. Rc7 Qa1+ 35. Rc1 Qe5 1/2-1/2

[Event "Match/Nation DDR-POL U26"]
[Site "Zinnowitz"]
[Date "1979.10.26"]
[Round "1.2"]
[White "Dobosz, Henryk"]
[Black "Gruenberg, Hans Ulrich"]
[Result "1/2-1/2"]
[WhiteElo "2380"]
[BlackElo "2385"]
[Annotator "Gruenberg,HU"]
[PlyCount "68"]
[EventDate "1979.10.26"]
[EventType "team"]
[EventRounds "4"]
[EventCountry "DDR"]
[SourceTitle "EXT 2013"]
[Source "ChessBase"]
[SourceDate "2012.11.22"]
[SourceVersion "1"]
[SourceVersionDate "2012.11.22"]
[SourceQuality "1"]

{SCHACH 12/1979 Seite 541} 1. e4 c5 2. Nf3 d6 3. Bb5+ Bd7 ({In Betracht kommen
auch} 3... Nd7) ({und} 3... Nc6) 4. Bxd7+ Qxd7 5. c4 $2 {Bis jetzt galt dieser
Zug als gut spielbar. Mit meiner Neuerung glaube ich jedochdas Bauernopfer
widerlegt zu haben.} Qg4 $1 6. O-O Qxe4 7. d4 cxd4 8. Re1 Qg4 $1 {Die Neuerung}
({gegenüber} 8... Qc6 {gewinnt ein wichtiges Tempo, da Weiß nicht auf d4
nehmen kann.}) 9. Qb3 ({Nach} 9. h3 {muss Weiß nicht nach} Qd7 10. Nxd4 Nc6 {
auf c6 nehmen.}) 9... Qd7 10. Nxd4 Nc6 11. Nxc6 bxc6 12. Nc3 e6 13. Bf4 Nf6 14.
Rad1 Be7 15. Rd3 ({Auf} 15. Bxd6 Bxd6 16. c5 {folgt einfach} Bxh2+) 15... O-O
16. Qd1 Rfd8 17. Ree3 d5 18. cxd5 Nxd5 19. Rh3 {Die folgende Abwicklung ist
vielleicht nicht am genauesten, gibt dem Schwarzen jedoch eindeutigen Vorteil.}
Nxc3 $1 20. Qc2 {[#]Darauf hatte Weiß gehofft!} Qxd3 $1 21. Rxd3 Rxd3 22. bxc3
Rad8 23. h3 Rd1+ $2 ({Besser sind wohl} 23... Bf6) ({oder} 23... Bc5 {,obwohl
Schwarz weiterhin seinen Vorteil behält.}) 24. Kh2 Bd6 25. Bxd6 R1xd6 26. Qa4
R8d7 27. c4 Rc7 28. Qb4 Rd8 29. Qc5 g6 30. a4 Rdd7 31. Kg3 f6 32. a5 Kf7 33. a6
e5 34. Kh2 Ke6 {Schwarz kann immer noch Gewinnversuche unternehmen. Der Bauer
a6 ist schwach.} 1/2-1/2

[Event "Pardubice op-A"]
[Site "Pardubice"]
[Date "2005.07.30"]
[Round "9"]
[White "Kovalev, Andrei"]
[Black "Oleksienko, Mikhailo"]
[Result "1-0"]
[WhiteElo "2548"]
[BlackElo "2487"]
[Annotator "Gutman,L"]
[PlyCount "81"]
[EventDate "2005.07.22"]
[EventType "swiss"]
[EventRounds "9"]
[EventCountry "CZE"]
[SourceTitle "CBM 107 Extra"]
[Source "ChessBase"]
[SourceDate "2005.09.01"]
[SourceVersion "1"]
[SourceVersionDate "2005.09.01"]
[SourceQuality "1"]

1. e4 c5 2. Nf3 d6 3. Bb5+ Bd7 4. Bxd7+ Qxd7 5. c4 Nf6 6. Nc3 Nc6 7. O-O e6 (
7... g6 8. d4 cxd4 9. Nxd4 Bg7) 8. d4 cxd4 9. Nxd4 Be7 10. b3 O-O 11. Bb2 Rfd8
12. Re1 a6 13. Nc2 (13. Nxc6 Qxc6 14. Rc1 b6 (14... Qe8 15. a4 Rac8 16. Qe2 Nd7
17. Rcd1 Nc5 18. Qc2 Qc6 19. Re3 {Tkachev-Watson, London 1993}) 15. Qe2 Qb7 16.
Rcd1 Rab8 17. a4 Nd7 $14) 13... d5 $5 (13... Rab8 14. a4 Qc7 15. Rb1 Ne5 16. h3
Ng6 17. Ba1 Nd7 18. Ne3 Bf6 19. Qd2 Qc5 {ist auch möglich, Ye
Inangchuan-Gergiev, Elista 98}) 14. cxd5 exd5 15. e5 Ne4 16. Nxe4 dxe4 17. Qxd7
Rxd7 18. Rxe4 Rd2 19. Rc4 Rad8 20. Kf1 h5 ({Spielt Schwarz auf Gewinn?.} 20...
Na5 21. Rc3 (21. Rc7 Nc6) 21... Nc6 22. Rc4 Na5 $11) 21. Rb1 Na5 $2 (21... R8d5
$5 22. Ne3 Rb5 23. Nf5 Bc5 24. Rf4 Rb4 25. Rf3 Re4 $11) 22. Rc7 Nc6 23. Ne3 $16
Bc5 24. e6 f6 25. Rxb7 Bxe3 26. fxe3 R8d5 $2 (26... Re8 27. Rd7 Rc2 28. Rd6 a5)
27. e4 Rd6 28. Rd7 (28. e7 $5 Re6 29. Rb6 Rc2 30. Rxa6 {mit klarem Vorteil für
Schwarz.}) 28... Rxd7 29. exd7 Rxd7 30. Ke2 Nb4 $2 ({Notwendig war} 30... Kf7)
31. a3 Nd3 32. Ke3 Nc5 33. b4 Nb7 34. Rc1 $18 Kf7 35. Rc6 Nd6 36. a4 Ke7 37. e5
Nf5+ 38. Ke4 Rd2 39. Bc3 Rf2 40. exf6+ gxf6 41. Rxf6 {Glück muss mann haben!}
1-0

[Event "RUS-Cup final"]
[Site "Samara"]
[Date "1998.09.07"]
[Round "9"]
[White "Morozevich, Alexander"]
[Black "Khalifman, Alexander"]
[Result "1-0"]
[WhiteElo "2625"]
[BlackElo "2645"]
[Annotator "Hansen,Cu"]
[PlyCount "73"]
[EventDate "1998.08.??"]
[EventType "tourn"]
[EventRounds "11"]
[EventCountry "RUS"]
[SourceTitle "CBM 067"]
[Source "ChessBase"]
[SourceDate "1998.11.30"]
[SourceVersion "2"]
[SourceVersionDate "1998.11.01"]
[SourceQuality "1"]

1. e4 c5 2. Nf3 d6 3. Bb5+ Bd7 4. Bxd7+ Nxd7 5. O-O Ngf6 6. d3 e6 7. Qe2 Be7 8.
Ng5 {[%cal Yf2f4,Yf4f5]} h6 9. Nh3 Qc7 10. f4 O-O-O $6 {[%csl Rc8] Black has
weakened his K-side with h7-h6 so f4-f5 - and sometimes even g2-g4-g5 - are
possibilies that has gained in strengh. However putting the K on the queenside
is only good, if black will be able to start some counterplay on the K-side.
Because it will be easy for white to get play against Kc8 with a timely b2-b4.}
11. c4 Nb8 {[%csl Rd4][%cal Yb8c6]} 12. Be3 Nc6 13. Nd2 $1 {[%csl Gd4,Ge5,Gg5]
[%cal Yd2f3] A better square for the N than c3. White now has the possibility
Nd2-f3 and the N will control the important squares d4, g5 and e5.} Nd7 14. a3
f5 (14... Bf6 {[%cal Yf6d4]} 15. Nf3 $14) 15. Rab1 Nf6 16. Kh1 $1 {Making room
for Be3 on g1, so that white will keep control of d4} Ng4 17. Bg1 Bf6 18. b4
Nd4 19. Qd1 {Around here black could play something like g7-g5. But that would
not achieve anything. White would be ready to take back on f4 with Nh3, and
the g5-P could not advance because Ng4 is in the way.} Qc6 20. Nf3 g6 21. a4 $1
{White improves is position on the Q-side. He will have to find the right
moment for action. If he plays b4xc5 at the wrong moment the d-line could be
very useful for black.} Rhg8 22. a5 Kb8 23. e5 $1 {After this move black
cannot keep his central structure based on the control of d4.} dxe5 24. bxc5
Nxf3 25. Qxf3 Qxf3 26. gxf3 Rxd3 27. fxg4 Rxh3 28. c6 {White is a P down, but
he has a very dangerous attack in the b-<->} Rg7 29. fxe5 Bd8 (29... Bxe5 30.
Rfe1 $16) 30. a6 b6 31. c5 Ra3 32. cxb6 axb6 33. Bxb6 Bxb6 34. Rxb6+ Ka7 35.
Rb7+ Rxb7 36. axb7 Kb8 37. Rd1 1-0